CRC hand book of processing and utilization in agriculture vol-2 Part-2 Plant products / (Record no. 10327)
[ view plain ]
| 000 -LEADER | |
|---|---|
| fixed length control field | 00489cam a2200169ua 4500 |
| 020 ## - INTERNATIONAL STANDARD BOOK NUMBER | |
| ISBN | 0 8493 3870 |
| 041 ## - LANGUAGE CODE | |
| Language code of text/sound track or separate title | eng |
| 082 ## - DEWEY DECIMAL CLASSIFICATION NUMBER | |
| Classification number | 028.71664 |
| Item number | WOL/CR |
| 100 ## - MAIN ENTRY--AUTHOR NAME | |
| Personal name | Wolff, Ivan A . |
| 245 ## - TITLE STATEMENT | |
| Title | CRC hand book of processing and utilization in agriculture vol-2 Part-2 Plant products / |
| 260 ## - PUBLICATION, DISTRIBUTION, ETC. (IMPRINT) | |
| Place of publication | Bocaratton : |
| Name of publisher | CRC Press Inc. , |
| Year of publication | 2000. |
| 300 ## - PHYSICAL DESCRIPTION | |
| Number of Pages | 735 ; . |
| 942 ## - ADDED ENTRY ELEMENTS (KOHA) | |
| Koha item type | Books |
| Withdrawn status | Lost status | Damaged status | Home library | Current library | Date acquired | Full call number | Accession Number | Koha item type |
|---|---|---|---|---|---|---|---|---|
| KAUAET | KAUAET | 07/04/2012 | 028.71664 | 19654 | Reference | |||
| KAUAET | KAUAET | 26/03/1987 | 028.71664 | 16116 | Reference |
